Регионална библиотека "Любен Каравелов" - Русе

Заювата къща (Запис номер 138978)

MARC детайли
000 -Лидер
Контролно поле с фиксирана дължина 01164nam a2200301 c 4500
003 - Код на организацията, давaща контролен номер
Контролно поле BLK
005 - Дата и час на последна редакция
Контролно поле 20180422112155.0
008 - Елементи от данни с фиксирана дължина
fixed length control field 180409b bul|||||r ||||||| ||bul||
010 ## - Наследен системен номер
LC control number KNG00144978000
040 ## - Източник на каталожния запис
Идентификатор на билиотеката - собственик на записа BLK
041 ## - Код за език
Код за езика на текст/звукозапис или на отделно заглавие Български
Код за езика КДБФ Български
080 ## - УДК
Текстов определител УДК Българска литература
УДК код - определител по УДК 821.163.2
УДК определител -93-34
УДК - код + определител 821.163.2-93-34
100 1# - Редна дума - Автор
Автор Василева, Мария
Авторска отговорност първи автор
R(LIN) 365010
139 ## - Редно поле
Редна дума Василева, Мария
Авторски знак Васи - В 24
245 10 - Сведения за заглавието
Заглавие Заювата къща
Подзаглавни данни За предучилищна възраст
Редно поле (дума) Мария Василева; худож. Тодор Петров.
257 ## - Страна на издаване
Страна на създаване/издаване България
260 ## - Област на издателските данни
-- София
Име на издателя, разпространителя и проч. Нар. младеж
Година на издаване 1959
300 ## - Физическа характеристика
Страници 16 с.
Илюстрации и др. с ил.
Размери/Мащаб 17Х25 см
380 ## - Жанр
Жанр Детска худож. лит.
490 1# - СЕРИИ (Колекции)
Име на серия Библиотека Дружинка
500 ## - Общи забележки
Забележка 20 100 тир.
700 1# - Други автори (авторска отговорност)
Лично име Петров, Тодор
Автороска отговорност (Описва отношението между автора и произведението) худож.
Друга информация Христов, Тодор Петров
9 (RLIN) 363979
852 ## - Местоположение
Форматна сигнатура Цб І 34871
856 4# - Електронен адрес и достъп
Електронен формат pdf - файл
Път до файла /url/
856 4# - Електронен адрес и достъп
Електронен формат pdf - файл
Път до файла /url/
942 ## - АРТИКУЛИ
Вид на библиотечния материал Книги
Скрит в OPAC Не
944 ## - СЪЗДАВАНЕ И РЕДАКЦИЯ на ЗАПИСА
Създаване/Редакция Създаване
Дата на регистрацията/редакция 05.07.2013
Статус, дата на статуса 05.07.2013 - от С1,Р / 05.07.2013
Служител, извършил регистрацията/редакцията Айшегюл_Сабриева
944 ## - СЪЗДАВАНЕ И РЕДАКЦИЯ на ЗАПИСА
Създаване/Редакция Редакция
Дата на регистрацията/редакция 05.07.2013
Статус, дата на статуса 05.07.2013 - от С1,Р / 05.07.2013
Служител, извършил регистрацията/редакцията
999 ## - СИСТЕМНИ КОНТРОЛНИ НОМЕРА
Koha biblionumber 138978
Koha biblioitemnumber 138978
Наличности
Код за отписване Код за изгубен артикул Източник на класификационната схема Код за повреда Коз за рестрикции Код за отдаване Артикулен № Име на библиотеката - собственик Име на библиотеката, в която се намира в момента Статус (Текущо местоположение) Дата на вписване в системата Местоположение - отдел Цена в лева Инвентарен номер Систематично азбучна сигнатура Баркод Номер на екземпляра Цена в евро Служебна бележка Служебен тип на артикула
  Не е изгубен Universal Decimal Classification Не е повреден без рестрикции ползва се в читалня 227281 Регионална библиотека "Любен Каравелов" Русе Регионална библиотека "Любен Каравелов" Русе Хранилище 1959-01-01 Основен фонд - ползва се само за читалня 0.07 3973/59 Цб І 34871 900000022600 1 0.04 N: страр фонд Дата: 01.01.1959 Книги
Vip Innovations Ltd, Rousse, Bulgaria 2025